| 000 | 00807nam a2200253 a 4500 | ||
|---|---|---|---|
| 005 | 20240320063722.0 | ||
| 008 | 190328s2005 mx r 000 0 spa d | ||
| 020 | _a84766696892 | ||
| 035 | _aUPN01000229855 | ||
| 040 |
_aUPN _bspa _cUPN |
||
| 049 | _aCG | ||
| 050 | 4 |
_aPS3556 O9.4 _bC5.8 |
|
| 100 | 1 |
_aFowler, Karen Joy, _d1950- _943275 |
|
| 245 | 1 | 3 |
_aEl club de lectura Jane Austen / _cKaren Joy Fowler ; tr. Concha Cardeñoso Sáenz de Miera. |
| 260 |
_aBarcelona, Esp. : _bEl Aleph, _c2005. |
||
| 300 | _a317 p. | ||
| 440 | 0 |
_aModernos y clásicos de El Aleph ; _v216 |
|
| 534 |
_pTítulo original: _tThe Jane Austen book club |
||
| 600 | 1 | 4 |
_aAUSTEN, JANE, _d1775-1817 - _vNOVELA _927874 |
| 650 | 4 |
_aNovela estadounidense _94462 |
|
| 905 | _aLibro | ||
| 942 |
_2lcc _cLIBRO |
||
| 999 |
_c201950 _d201950 |
||